000 00415nam a2200157 i 4500
001 29340
003 ES-MaACL
005 20230906154020.0
007 t|
008 030121q19001999xxk ||||1| eng d
100 1 _aBaring, Maurice.
_925656
245 1 3 _aAn Outline of Russian /
_cMaurice Baring.
260 _aLondon :
_bWilliams and Norgate,
_c[19--?]
300 _a256 p. ;
_c17 cm.
852 _aES-MaACL
_jC-2755
999 _c29340
_d29340